000 00262nam a2200097Ia 4500
001 1250806
005 20251031150903.0
008 251031s9999 xx 000 0 und d
245 0 _cKOMİSYON
_aH-4 GENÇLİKTE İLETİŞİM
260 _bDİYANET İŞLERİ YAYINLARI
999 _c1250806
_d1250806